000 00276nam a22001337a 4500
008 170816b xxu||||| |||| 00| 0 eng d
020 _a9780534385514
041 _aeng
080 _a51
100 _a36
101 _aMAT
245 _aTRIGOMETRY
_cBANKS.J
942 _2udc
_cBK
999 _c23653
_d23653